Automation und Innovation <Der> Weg zur flexiblen Betriesbsweise

Gespeichert in:
Bibliographische Detailangaben
1. Verfasser: Haustein, Heinz-Dieter
Format: Buch
Sprache:Deutsch
Veröffentlicht: Berlin Akademie 1989
Ausgabe:1. Aufl.
Tags: Tag hinzufügen
Keine Tags, Fügen Sie das erste Tag hinzu!

MARC

LEADER 00000nam a2200000 4500
001 c037190
005 20221215124159.7
041 0 |a ger 
044 |a DE 
245 1 0 |a Automation und Innovation  |b <Der> Weg zur flexiblen Betriesbsweise  |c Heinz-Dieter Haustein 
250 |a 1. Aufl. 
264 1 |a Berlin  |b Akademie  |c 1989 
300 |a 218 s. 
100 1 |a Haustein, Heinz-Dieter